Sports Quiz

Random Sports or NBA Quiz

USA Men's Basketball 'Dream Team 2' Roster Quiz Stats

 Plays Quiz not verified by Sporcle

Challenge
Share
Tweet
Embed
Score 0/13 Timer 10:00
0 Plays Today
% Correct
Shaquille O'Neal
87%
Larry Johnson
71.3%
Kevin Johnson
70.4%
Shawn Kemp
62.6%
Reggie Miller
62.6%
Alonzo Mourning
61.7%
Dominique Wilkins
53%
Joe Dumars
50.4%
Steve Smith
48.7%
Mark Price
47%
Derrick Coleman
45.2%
Dan Majerle
38.3%
Don Nelson
27.8%

You're not logged in!

Compare scores with friends on all Sporcle quizzes.
Join for Free
OR
Log In

You Might Also Like...

Show Comments

Extras

Top Quizzes Today


Score Distribution

Your Account Isn't Verified!

In order to create a playlist on Sporcle, you need to verify the email address you used during registration. Go to your Sporcle Settings to finish the process.

Report this User

Report this user for behavior that violates our Community Guidelines.

Details: